000 00949nam a2200181Ia 4500
008 151202s9999||||xx |||||||||||||| ||und||
082 _bPNVM-49699
100 _aकिश्वर मधु पुर्णिमा/अनु-कुबेर विनित.
245 _aमोदीनामा-नरेंद्र मोदी यांचे चरित्र.
260 _b"स्नेहल प्रकाशन,पुणे."
260 _c2013
300 _a234
600 _aकिश्वर मधु पुर्णिमा/अनु-कुबेर विनित.
630 _aमोदीनामा-नरेंद्र मोदी यांचे चरित्र.
700 _aकिश्वर मधु पुर्णिमा/अनु-कुबेर विनित.
730 _aमोदीनामा-नरेंद्र मोदी यांचे चरित्र.
942 _cBOOK
999 _c1315945
_d1315942